| 000 | 00517nam a22001697a 4500 | ||
|---|---|---|---|
| 003 | OSt | ||
| 005 | 20140310182353.0 | ||
| 008 | 131001t xxu||||| |||| 00| 0 eng d | ||
| 050 |
_aPE 1628 _b.M167 1977 |
||
| 082 |
_aGS 423.1 _bM228 1983 |
||
| 100 |
_aMacmillan Publishing Co. _922263 |
||
| 245 |
_aMacmillan very first dictionary : _cMacmillan Publishing Co. _b a magic world of words / |
||
| 260 |
_aNew York : _bMacmillan Publishing Co, _c1983. |
||
| 300 |
_a264 p. _c28 cm. |
||
| 942 |
_2lcc _cBK-GS |
||
| 999 |
_c12429 _d12429 |
||